Factors in Japan's economic growth
Gespeichert in:
| Format: | Buch |
|---|---|
| Sprache: | Undetermined |
| Veröffentlicht: |
Japan
Ministry of Foreign Affairs
1962
|
| Schlagworte: | |
| Tags: |
Tag hinzufügen
Keine Tags, Fügen Sie den ersten Tag hinzu!
|
| Thư viện lưu trữ: | Trung tâm Học liệu Trường Đại học Cần Thơ |
|---|
| LEADER | 00424nam a2200157Ia 4500 | ||
|---|---|---|---|
| 001 | CTU_85707 | ||
| 008 | 210402s9999 xx 000 0 und d | ||
| 082 | |a 338.9 | ||
| 082 | |b F142 | ||
| 245 | 0 | |a Factors in Japan's economic growth | |
| 260 | |a Japan | ||
| 260 | |b Ministry of Foreign Affairs | ||
| 260 | |c 1962 | ||
| 650 | |a Economic development | ||
| 904 | |i Năm | ||
| 980 | |a Trung tâm Học liệu Trường Đại học Cần Thơ | ||